000
00462nam a2200145Ia 4500
008
100204s9999 xx 000 0 und d
082
_b
7930
100
_a
क्षेत्रमाडे सुमती
245
_a
शततारका
260
_b
"बांदोडकर पब्लिशिंग हाऊस, गोवा"
_c
1985
300
_a
216
630
_a
शततारका
730
_a
शततारका
942
_c
BOOK
999
_c
452366
_d
452363